Địa danh Đà Lạt /

সংরক্ষণ করুন:
গ্রন্থ-পঞ্জীর বিবরন
প্রধান লেখক: Nguyễn Tuấn Tài.
বিন্যাস: প্রবন্ধ
ভাষা:Vietnamese
ট্যাগগুলো: ট্যাগ যুক্ত করুন
কোনো ট্যাগ নেই, প্রথমজন হিসাবে ট্যাগ করুন!
Thư viện lưu trữ: Thư viện Trường Đại học Đà Lạt
LEADER 00692nam a2200229 4500
001 DLU120000367
005 ##20120717
040 # # |a DLU  |b vie 
041 # # |a vie 
044 # # |a vn 
100 # # |a Nguyễn Tuấn Tài. 
245 # # |a Địa danh Đà Lạt /  |c Nguyễn Tuấn Tài. 
773 # # |t Tóm tắt Báo cáo khoa học Tại Hội nghị khoa học năm 1993 Trường Đại học Đà Lạt   |g 1993, tr.6 
920 # # |a Phòng Tạp chí -- Trung tâm Thông tin - Thư viện Trường Đại học Đà Lạt 
994 # # |a DLU 
900 # # |a True 
911 # # |a Nguyễn Huyền Anh 
925 # # |a G 
926 # # |a A 
927 # # |a BB 
980 # # |a Thư viện Trường Đại học Đà Lạt